Sobre la inflación y la inversión /
Spremljeno u:
| Glavni autor: | |
|---|---|
| Format: | Tekst |
| Oznake: |
Dodaj oznaku
Bez oznaka, Budi prvi tko označuje ovaj zapis!
|
MARC
| LEADER | 00000 a a2200000 04500 | ||
|---|---|---|---|
| 001 | 3066 | ||
| 003 | |||
| 040 | |||
| 100 | |a Ulate M., Fernán | ||
| 245 | |a Sobre la inflación y la inversión / |c Fernán Ulate M. | ||
| 773 | |g volumen 4, número 1; páginas 63-70 | ||
| 999 | |c 25955 |d 25955 | ||
